000 00441nam a22001697a 4500
003 CEME
005 20210628201956.0
008 210129b xxu||||| |||| 00| 0 eng d
040 _c.
082 _a923.25491 BHU
100 _aSattar Tahir,Zulfiqar Ali Bhutto
_957680
245 _aAghar mujay katal keya geyaw
260 _aLAHORE
_bCLASSIC
_c2003
300 _a276P
650 _aBIOGRAPHY-ZULFIQAR ALI BHUTTO
_957681
942 _cBK
_2ddc
999 _c567953
_d567953